Statistiken für Mathematik - Allgemeinwissen

Klicken Sie hier um das Quiz zu spielen!

Allgemein

  • Dieses Quiz wurde 1,917 mal gespielt
  • Das Durchschnittsergebnis liegt bei 13 aus 19

Antwortstatistiken

Frage Antwort % Korrekt
Was ist die Summe der Innenwinkel eines Dreiecks (in Grad)?180
89%
Wie viele Centimeter sind in einem Kilometer?100,000
89%
Was ist speziell an den Zahlen 7, 11, 17 und 43?Es sind {Prim}zahlen
88%
Wenn ein Würfel eine Seitenlänge von 4 hat, was ist sein Volumen?64
87%
Wie viele Sekunden verstreichen in einer Stunde?3600
86%
Sin steht für Sinus. Wofür steht Tan?Tangens
85%
Wessen Formel für rechtwinklige Dreiecke besagt: a2 + b2 = c2 ?Pythagoras
83%
Wie bezeichnet man auf einem Graphen den Punkt (0,0) ?Nullpunkt
80%
Was ist 126 als römische Zahl geschrieben?CXXVI
75%
Welches Zahlensystem besteht nur aus Einsen und Nullen?Binär
70%
Für was steht das "M" in y=mx+b?Steigung
67%
Welcher Mathematiker ist Namensgeber der Zahl "e"?Leonhard Euler
65%
Was sind die ersten fünf Ziffern von Pi?3,1415
64%
Wenn ein rechtwinkliges Dreieck eine Höhe von 50
und eine Basis von 50 hat, was ist seine Fläche?
1250
59%
Pi, e und √2 können alle als was beschrieben werden?{Irrationale} Zahlen
53%
Wie nennt man ein Polygon mit neun Seiten?Nonagon
47%
Welche Folge beginnt mit 1, 1, 2, 3, 5, 8?{Fibonacci}-Folge
46%
Was ist die Summe der Zahlen von 1 bis 100?5050
40%
Welche Bezeichnung steht für eine 1 gefolgt von 100 Nullen?Googol
33%

Verteilung der Resultate

Perzentil nach korrekt beantworteten Fragen

Anzahl Personen mit jedem Resultat

Ihre Resultats-Entwicklung

Sie haben dieses Quiz noch nicht gespielt